Sozialreform oder Revolution? /

Bibliographic Details
Main Author: Luxemburg, Rosa, 1871-1919
Format: Book
Language:German
Published: Leipzig : Vulkan-Verlag, 1919.
Subjects:

MARC

Tag First Indicator Second Indicator Subfields
LEADER 00000cam a2200000 4500
001 in00000013237
005 20151007052347.0
008 760211s1919 ge b 00010 ger
010 |a  45026483  
035 |a (OCoLC)01983742 
035 |9 AAA7451AM 
040 |a DLC  |c DLM  |d m.c.  |d OCL  |d TXA  |d UtOrBLW 
049 |a TXAM  |c [A11049014] 
050 0 0 |a DD235.P3  |b no.18 
050 4 |a HX276.B7  |b L8 1919 
100 1 |a Luxemburg, Rosa,  |d 1871-1919. 
245 1 0 |a Sozialreform oder Revolution? /  |c Von Rosa Luxemburg. 
264 1 |a Leipzig :  |b Vulkan-Verlag,  |c 1919. 
300 |a 90 pages ;  |c 22 cm. 
336 |a text  |b txt  |2 rdacontent 
337 |a unmediated  |b n  |2 rdamedia 
338 |a volume  |b nc  |2 rdacarrier 
500 |a "Miliz und Militarismus": pages 56-69; "Die 'deutsche Wissenschaft' hinter den Arbeitern": pages [70]-90. 
500 |a [No.18 in a volume lettered: Pamplets on the social revolution in Germany, 1915-19.] 
500 |a Printed wrappers. 
504 |a Includes bibliographical references. 
600 1 0 |a Bernstein, Eduard,  |d 1850-1932.  |t Probleme des Sozialismus. 
650 0 |a Socialism. 
650 0 |a Militarism. 
999 |a MARS 
999 f f |s 958832d2-ac90-3c41-ac2c-9f20b46ad384  |i e8ad72a7-8b46-3356-8581-e0dfeb8c636d  |t 0 
952 f f |p ric  |a Texas A&M University  |b Rellis Campus  |c Joint Library Facility  |d Remote Storage  |t 0  |e HX276.B7 L8 1919  |h Library of Congress classification  |i unmediated -- volume  |m A14811049014 
998 f f |a HX276.B7 L8 1919  |t 0  |l Remote Storage